000 00585nam a22002177a 4500
003 OSt
005 20140310182929.0
008 130131t xxu||||| |||| 00| 0 eng d
020 _a9712336816
050 _aPL6054
_b.Sa235 2003
082 _aFIL 499.211
_bSa5 2003
245 _aMakabagong balarilang Filipino
_cSantiago, Alfonso O.; Tiangco, Norina G.
260 _aManila
_bRex Book Store
_cc2003
300 _a285 p.
_c22 cm.
521 _acollege students
526 _c1210L-1700L
541 _j1
541 _j2
562 _e2
942 _2lcc
_cBK
_kFIL
999 _c17499
_d17499